00666nam a2200205Ia 4500003000400000005001700004008004100021020002900062040001700091082002000108100002100128245005700149260003000206300001700236650002900253650003000282942000900312952012600321999001300447IIN20240103121619.0231217s9999 xx 000 0 und d cRs.750.00a9788131249949 aIINbEnglish a362.10425 bPAT1 aPatil, Rajkumar 1 aCommunity MedicinebPractical ManualcRajkumar Patil bElsevieraNew Delhic2018 aviii, 376 p.1 aCommunity health nursing1 aCommunity health services cBOOK 00102ddc40708Purches BookaIINbIINd2023-12-17g750.00l0o362.10425 PATp222r2023-12-17 21:32:14w2023-12-17yBOOK c227d227